LEADER 01018nam a2200265 i 4500 001 000000171651 003 CaOOAMICUS 005 20080507000000.0 008 080507s2004 it u000 u ita u 013 $a149083 020 $a88-498-0835-6 040 $aSeMil$bita 100 1 $aSterpellone, Luciano.$0(OLS)http://semarc/name/64197 245 13$aLa medicina nella Bibbia /$cLuciano Sterpellone. 260 $aSoveria Mannelli :$bRubbettino,$ccopyr. 2004. 300 $a147 p. :$bill. ;$c21 cm. 490 0 $aIl colibrì 650 4$aBibbia - Medicina.$0(OLS)http://semarc/subject/15094 830 3$aIl colibrì.$0(OLS)http://semarc/title/10119 850 $aSeMil 852 $aSeMil$W1$xVenegono$y1$m2V II 204$j122517$B122517$CSeMilBibl$Z2$F134009 $81 961 $aOmaggio: Altro 996 $6020$a88-498-0835-6$9(OLS)http://semarc/number/158805 996 $6245$aLa medicina nella Bibbia$9(OLS)http://semarc/title/245601 996 $6260$aSoveria Mannelli :$bRubbettino$9(OLS)http://semarc/publisher/32145 LEADER 00763nam a2200193 i 4500 001 000000055588 003 CaOOAMICUS 005 19970708000000.0 008 970708n it u000 u ita u 013 $a26760 040 $aSeMil$bita 100 1 $aPrete, Serafino.$0(OLS)http://semarc/name/9428 245 10$aMario Mercatore :$bpolemista antipelagiano. 490 0 $aScrinium theologicum : contributi di scienze religiose ;$v11. 650 4$aTeologia - Saggi.$0(OLS)http://semarc/subject/231 830 0$aScrinium theologicum ;$v11.$0(OLS)http://semarc/title/388699 850 $aSeMil 852 $aSeMil$W1$xVenegono$y1$m2I III 23$j21742$B21742$CSeMilBibl$Z2$F21744 $81 996 $6245$aMario Mercatore :$bpolemista antipelagiano$9(OLS)http://semarc/title/86240